| 000 | 00331nam a2200133 i 4500 | ||
|---|---|---|---|
| 001 | bg | ||
| 100 | 1 | _aMUDRAK, Ewa | |
| 245 | 0 |
_aĆwiczenia laboratoryjne z galwanotechniki poligraficznej / _cE. Mudrak. |
|
| 260 |
_aWarszawa, _c1983. |
||
| 040 | _cBPK | ||
| 041 | _apol | ||
| 942 | _cKS | ||
| 008 | s pl f |000 0 pol | ||
| 999 |
_c21688 _d21688 |
||
| 856 |
_uhttp://koha.tu.koszalin.pl/cgi-bin/koha/opac-detail.pl?biblionumber=21688 _yKatalog online BPK |
||